| 000 | 00431nam a22001697a 4500 | ||
|---|---|---|---|
| 003 | OSt | ||
| 005 | 20240330120838.0 | ||
| 008 | 211018b xxu||||| |||| 00| 0 eng d | ||
| 020 | _a978-9352706853 | ||
| 040 | _cIIMT UNIVERSITY | ||
| 100 | _aMAHESHWARI& MHASKAR | ||
| 245 | _aESSENTIAL ORTHOPAEDICS | ||
| 250 | _a6TH | ||
| 260 |
_aNEW DELHI _bJAYPEE THE HEALTH SCIENCE PUBLISHERS _c2019 |
||
| 300 | _a386 | ||
| 942 |
_2ddc _c02 _e6TH |
||
| 999 |
_c50901 _d50901 |
||